Historia : sexto grado
Saved in:
| Corporate Author: | |
|---|---|
| Other Authors: | |
| Format: | Book |
| Published: |
México :
Secretaría de Educación Pública,
1994
|
| Textbook Catalogue: | MANES: Library Catalog Search Result |
| Textbook Classification: |
|
| Series: | Libro de texto gratuito
|
| Online Access: | CONALITEG |
| Tags: |
Add Tag
No Tags, Be the first to tag this record!
|
| Added to: | 1994-12-06 |
| Changed in: | 2025-05-08 |
MARC
| LEADER | 00000cam a2200000 4500 | ||
|---|---|---|---|
| 003 | OSt | ||
| 005 | 20250508092023.0 | ||
| 008 | 941207s1994 mx a f 100100 esp u | ||
| 020 | |a 9682970253 | ||
| 040 | |a CINV |c CINV | ||
| 050 | 0 | 4 | |a LTG LB1582 |b M49 6º 1994 |
| 110 | 1 | |a México. |b Comisión Nacional de los Libros de Texto Gratuitos. |9 24803 | |
| 245 | 1 | 0 | |a Historia : |b sexto grado / |c Coordinación Felipe Garrido. |
| 260 | |a México : |b Secretaría de Educación Pública, |c 1994 | ||
| 300 | |a 111 p. : |b il. ; |c 27cm. | ||
| 440 | |a Libro de texto gratuito |9 21882 | ||
| 546 | |a México | ||
| 561 | |5 mx-CINVES |a México. DIE-Cinvestav (Ciudad de México) |k MANES | ||
| 691 | 0 | |a PRI | |
| 700 | 1 | |a Garridon, Felipe, |e coord. |9 24804 | |
| 856 | |3 CONALITEG |u https://historico.conaliteg.gob.mx/content/restricted/libros/carrusel.jsf?idLibro=212 | ||
| 910 | |a E-34991 |a E-34266(ej.2) | ||
| 942 | |2 lcc |c BK | ||
| 999 | |c 54571 |d 54571 | ||
| 999 | |c manes:54571 |d 54571 | ||